Creatividad e Innovación. ¡Creatividad es pensar en nuevas ideas, innovaciòn es hacer cosas nuevas!
Na minha lista:
| Autor principal: | |
|---|---|
| Formato: | Desconhecido |
| Idioma: | inglês |
| Publicado em: |
Bogotá, Colombia:
Alfaomega,
2020
|
| Edição: | Segunda edición |
| Assuntos: | |
| Tags: |
Adicionar Tag
Sem tags, seja o primeiro a adicionar uma tag!
|
MARC
| LEADER | 00000 a2200000 4500 | ||
|---|---|---|---|
| 003 | CL-VaPUC | ||
| 005 | 20220607090319.0 | ||
| 008 | 201216b ||||| |||| 00| 0 eng d | ||
| 999 | |c 435723 |d 435721 | ||
| 020 | |a 978-958-778-632-3 | ||
| 040 | |c Pontificia Universidad Católica de Valparaíso | ||
| 082 | |a 658.575 SCH 2020 | ||
| 100 | |a Schnarch Kirberg, Alejandro |9 858595 |e autor | ||
| 245 | |a Creatividad e Innovación. |b ¡Creatividad es pensar en nuevas ideas, innovaciòn es hacer cosas nuevas! | ||
| 250 | |a Segunda edición | ||
| 260 | |a Bogotá, Colombia: |b Alfaomega, |c 2020 | ||
| 300 | |a 295 páginas | ||
| 500 | |a c.1 Donación Profesor Eduardo Baeza Guzmán (ICT). Memo 02/2022. 14/4/2022 | ||
| 583 | |k Catalogador Asistente |c 20201216 | ||
| 650 | |a Productos Nuevos |x Comercialización |9 858836 | ||
| 650 | |a Innovación |9 858837 | ||
| 650 | |a Administración de productos |9 858838 | ||
| 852 | |a BIBCUR | ||
| 942 | |2 ddc |c BK | ||
| 952 | |0 0 |1 0 |2 ddc |4 0 |6 658_575000000000000_SCH_2020 |7 0 |8 A |9 583262 |a BIBING |b BIBING |c GEN |d 2022-05-25 |e Donación |i 5651418 |l 1 |m 1 |o 658.575 SCH 2020 |p 5651418 |r 2025-01-20 |s 2024-06-17 |t 1 |w 2022-05-25 |y BK |k ICT | ||